000 03177nam a2200325 a 4500
008 110926s1990 ||||||||||||||||| || u
020 _a0397510039
050 _aRB 25 Ess
100 _aRubin, Emmanuel
245 1 0 _aEssential pathology
_cedited by Rubin, Emanuel [and] John L. Farber
260 _aNew York
_bJ. B. Lippincott
_c1990
300 _axiv, 850p.: ill.
350 _a0.00
650 0 _aPATHOLOGY
700 _aFarber, John L
995 _aMICHAEL CHILUFYA SATA OPEN ACCESS
_D0.00
_e901240
_FCBU-SCHOOL OF MEDICINE LIBRARY (Ndola)
_H1
_I0.00
_jRB 25 ESS.
_M12
_UAVAILABLE
_WOct 11, 2011
_y901240
_ZMedical Library Open Access Collection
995 _aMICHAEL CHILUFYA SATA OPEN ACCESS
_D0.00
_e901239
_FCBU-SCHOOL OF MEDICINE LIBRARY (Ndola)
_H1
_I0.00
_jRB 25 ESS.
_M11
_UAVAILABLE
_WOct 11, 2011
_y901239
_ZMedical Library Open Access Collection
995 _aMEDICAL LIBRARY OPEN ACCESS
_D0.00
_e901232
_FCBU-SCHOOL OF MEDICINE LIBRARY (Ndola)
_H1
_I0.00
_jRB 25 ESS.
_M4
_UOUT
_WOct 11, 2011
_y901232
_ZMedical Library Open Access Collection
995 _aMEDICAL LIBRARY OPEN ACCESS
_D0.00
_e901238
_FCBU-SCHOOL OF MEDICINE LIBRARY (Ndola)
_H1
_I0.00
_jRB 25 ESS.
_M10
_UAVAILABLE
_WOct 11, 2011
_y901238
_ZMedical Library Open Access Collection
995 _aMICHAEL CHILUFYA SATA OPEN ACCESS
_D0.00
_e901242
_FCBU-SCHOOL OF MEDICINE LIBRARY (Ndola)
_H1
_I0.00
_jRB 25 ESS.
_M14
_UAVAILABLE
_WOct 11, 2011
_y901242
_ZMedical Library Open Access Collection
995 _aMEDICAL LIBRARY OPEN ACCESS
_D0.00
_e901236
_FCBU-SCHOOL OF MEDICINE LIBRARY (Ndola)
_H1
_I0.00
_jRB 25 ESS.
_M8
_UAVAILABLE
_WOct 11, 2011
_y901236
_ZMedical Library Open Access Collection
995 _aMEDICAL LIBRARY OPEN ACCESS
_D0.00
_e901235
_FCBU-SCHOOL OF MEDICINE LIBRARY (Ndola)
_H1
_I0.00
_jRB 25 ESS.
_M7
_UAVAILABLE
_WOct 11, 2011
_y901235
_ZMedical Library Open Access Collection
995 _aMICHAEL CHILUFYA SATA OPEN ACCESS
_D0.00
_e901233
_FCBU-SCHOOL OF MEDICINE LIBRARY (Ndola)
_H1
_I0.00
_jRB 25 ESS.
_M5
_UAVAILABLE
_WOct 11, 2011
_y901233
_ZMedical Library Open Access Collection
995 _aSHORT LOAN BOOKS
_D0.00
_e901234
_FCBU-MAIN LIBRARY (Kitwe)
_H1
_I0.00
_jRB 25 ESS.
_M6
_UAVAILABLE
_WOct 11, 2011
_y901234
_ZShort Loan Collection
995 _aMICHAEL CHILUFYA SATA OPEN ACCESS
_D0.00
_e901230
_FCBU-SCHOOL OF MEDICINE LIBRARY (Ndola)
_H1
_I0.00
_jRB 25 ESS.
_M2
_UAVAILABLE
_WOct 11, 2011
_y901230
_ZMedical Library Open Access Collection
995 _aMICHAEL CHILUFYA SATA OPEN ACCESS
_D0.00
_e901231
_FCBU-SCHOOL OF MEDICINE LIBRARY (Ndola)
_H1
_I0.00
_jRB 25 ESS.
_M3
_UAVAILABLE
_WOct 11, 2011
_y901231
_ZMedical Library Open Access Collection
995 _aMICHAEL CHILUFYA SATA OPEN ACCESS
_D0.00
_e901237
_FCBU-SCHOOL OF MEDICINE LIBRARY (Ndola)
_H1
_I0.00
_jRB 25 ESS.
_M9
_UAVAILABLE
_WOct 11, 2011
_y901237
_ZMedical Library Open Access Collection
995 _aMICHAEL CHILUFYA SATA OPEN ACCESS
_D0.00
_e901229
_FCBU-SCHOOL OF MEDICINE LIBRARY (Ndola)
_H1
_I0.00
_jRB 25 ESS.
_M1
_UAVAILABLE
_WOct 11, 2011
_y901229
_ZMedical Library Open Access Collection
995 _aMICHAEL CHILUFYA SATA OPEN ACCESS
_D0.00
_e901241
_FCBU-SCHOOL OF MEDICINE LIBRARY (Ndola)
_H1
_I0.00
_jRB 25 ESS.
_M13
_UAVAILABLE
_WOct 11, 2011
_y901241
_ZMedical Library Open Access Collection
999 _c63827
_d63827